000 00546nam a22001937a 4500
005 20250211163318.0
008 250211b |||||||| |||| 00| 0 eng d
037 _cLCT
040 _aLCT
_cLCT
084 _aZ,315 P9;4
100 _aBabel, Basanti Lal
245 _aBhartiya Bhagidari Adhiniyam/
_h(Hindi)
250 _a2nd ed.
260 _aAllahabad
_b Central Law Agency
_c2009
300 _axv, 118p.
650 _aIndian Partnership act
_9686302
650 _aLaw
942 _2CC
_cTB
_hZ,315 P9;4
_n0
999 _c1238399
_d1238399